• 首页
  • 本馆介绍
  • 公告通知
  • 最新文献
  • 馆藏检索
  • 电子资源
  • 读者导购
  • 参考咨询
  • 我的图书馆
  • 登录
  • 详细信息显示
  • 放入我的书架
  • 预约/预借图书
  • 作者相关作品
  • 分类相关作品
  • 丛书相关作品
  • 出版社相关作品

书目信息

  • 表格格式
  • 工作单格式
  • 卡片格式
题名:
医学寄生虫学
    
 
作者: 卢思奇 主编
分册:  
出版信息: 北京   北京大学医学出版社  2003
页数: 308页
开本: 26cm
丛书名:
单 册:
中图分类: R38
科图分类:
主题词: 寄生虫学--医学--医学院校--教材 , 寄生虫学:医学
电子资源:
ISBN: 7-81071-333-7
000 00719nam0 2200253 45
001 0661901904
005 20060929171221.64
010    @a7-81071-333-7@dCNY27.60
100    @a20040315d2003 em y0chiy0121 ea
101 0  @achi
102    @aCN@b110000
105    @ay z 000yy
106    @ar
200 1  @a医学寄生虫学@f卢思奇主编@Ayi xue ji sheng chong xue
210    @a北京@c北京大学医学出版社@d2003
215    @a308页@d26cm
300    @a普通高等教育“十五”国家级规划教材
300    @a五年制全国高等医学院校教材
606 0  @a寄生虫学@x医学@x医学院校@j教材
606 0  @a寄生虫学:医学
690    @aR38@v4
701  0 @a卢思奇@4主编@Alu si qi
801  0 @aCN@b541 @c20060929
905    @a10447@dR38@e118
    
    医学寄生虫学/卢思奇主编.-北京:北京大学医学出版社,2003
    308页;26cm
    普通高等教育“十五”国家级规划教材.-五年制全国高等医学院校教材
    
    ISBN 7-81071-333-7:CNY27.60
    
●
相关链接 在E读中查询图书 在五车中查询图书 在当当中查询图书 在豆瓣中查询图书


正题名:医学寄生虫学     索取号:R38/118         预约/预借

序号 登录号 条形码 馆藏地/架位号 状态 备注
1 0484123   204841234   密集书库/ [索取号:R38/118] 在馆    
2 0484124   204841243   密集书库/ [索取号:R38/118] 在馆    
3 0484125   204841252   密集书库/ [索取号:R38/118] 在馆    
唐山师范学院图书馆 欢迎您!
大连网信软件有限公司© 版权所有